|
|
|
|
| LEADER |
00000naa0a2200000 4500 |
| 001 |
665891 |
| 005 |
20250211160308.0 |
| 035 |
|
|
|a (RuTPU)RU\TPU\network\37095
|
| 035 |
|
|
|a RU\TPU\network\34950
|
| 090 |
|
|
|a 665891
|
| 100 |
|
|
|a 20211122d2018 k||y0rusy50 ba
|
| 101 |
0 |
|
|a eng
|
| 135 |
|
|
|a drcn ---uucaa
|
| 181 |
|
0 |
|a i
|
| 182 |
|
0 |
|a b
|
| 200 |
1 |
|
|a Editorial for the Special Issue on “Wireless Energy Harvesting for Future Wireless Communications”
|f Sh. K. Sharma, D. N. K. Dzhayakodi (Jayakody) Arachshiladzh
|
| 203 |
|
|
|a Text
|c electronic
|
| 300 |
|
|
|a Title screen
|
| 461 |
|
|
|t Information
|
| 463 |
|
|
|t Vol. 9, iss. 4
|v [89, 2 p.]
|d 2018
|
| 610 |
1 |
|
|a электронный ресурс
|
| 610 |
1 |
|
|a труды учёных ТПУ
|
| 610 |
1 |
|
|a беспроводная связь
|
| 610 |
1 |
|
|a радиосвязь
|
| 610 |
1 |
|
|a 5G
|
| 610 |
1 |
|
|a интернет вещей
|
| 610 |
1 |
|
|a сигналы
|
| 610 |
1 |
|
|a энергия
|
| 700 |
|
1 |
|a Sharma
|b Sh. K.
|g Shree Krishna
|
| 701 |
|
1 |
|a Dzhayakodi (Jayakody) Arachshiladzh
|b D. N. K.
|c specialist in the field of electronics
|c Professor of Tomsk Polytechnic University
|f 1983-
|g Dushanta Nalin Kumara
|3 (RuTPU)RU\TPU\pers\37962
|9 20606
|
| 712 |
0 |
2 |
|a Национальный исследовательский Томский политехнический университет
|b Инженерная школа информационных технологий и робототехники
|b Научно-образовательный центр "Автоматизация и информационные технологии"
|3 (RuTPU)RU\TPU\col\27515
|
| 801 |
|
2 |
|a RU
|b 63413507
|c 20211122
|g RCR
|
| 856 |
4 |
|
|u https://doi.org/10.3390/info9040089
|
| 942 |
|
|
|c CF
|